000 00691nam a2200217Ia 4500
008 191130s2010##################000#0#eng##
020 _a9780230219595
022 _a2010459086
040 _aACL
_cACL
082 _a361.3 HUG
100 _aHugman, Richard
245 _aUnderstanding international social work : a critical analysis
_cRichard Hugman
260 _aBasingstoke, Hampshire
_bPalgrave Macmillan
_cc2010
300 _axii, 194 p. ; 24 cm
500 _aIncludes bibliographical references (p. 168-187) and index
650 _aSocial service
650 _aSocial service - Case studies
990 _a96f57077ac10000c2cd7c4c50971cbc1
991 _a333713
999 _c85658
_d85658